Classement UEFA-Top 10 saison 2023-2024 - Statistiques

Statistiques générales
  • Ce quiz a été pris 288 fois
  • Le résultat moyen est 9 sur 10
Statistiques - réponses
Place Nombre de points au coefficient Pays % Correct
3 89.489 Espagne
100%
5 66.831 France
100%
4 86.624 Allemagne
98%
1 104.303 Angleterre
98%
2 90.284 Italie
98%
7 56.316 Portugal
97%
6 61.300 Pays-Bas
91%
8 48.800 Belgique
89%
9 38.600 Turquie
64%
10 36.050 Republique Tchèque
39%
Aucun quiz correspondant
Distribution des résultats
% des personnes avec chaque résultat
Percentile par nombre de réponses
Votre historique - résultats
Vous n’avez pas pris ce quiz